Textbook of biochemistry, (Record no. 6409)
[ view plain ]
| 000 -LEADER | |
|---|---|
| fixed length control field | 00849nam a2200277 4500 |
| 001 - CONTROL NUMBER | |
| control field | 000 |
| 005 - DATE AND TIME OF LATEST TRANSACTION | |
| control field | 20250411105830.0 |
| 007 - PHYSICAL DESCRIPTION FIXED FIELD--GENERAL INFORMATION | |
| fixed length control field | 000 |
| 008 - FIXED-LENGTH DATA ELEMENTS--GENERAL INFORMATION | |
| fixed length control field | 000 |
| 010 ## - LIBRARY OF CONGRESS CONTROL NUMBER | |
| LC control number | 46005962 |
| 035 ## - SYSTEM CONTROL NUMBER | |
| System control number | (OCoLC)1546277 |
| 040 ## - CATALOGING SOURCE | |
| Original cataloging agency | UOEL |
| Transcribing agency | FMU |
| Modifying agency | OCoLC |
| -- | DLC |
| 042 ## - AUTHENTICATION CODE | |
| Authentication code | premarc |
| 050 00 - LIBRARY OF CONGRESS CALL NUMBER | |
| Classification number | QP514 |
| Item number | .H336 1946 |
| 082 ## - DEWEY DECIMAL CLASSIFICATION NUMBER | |
| Classification number | 574.19 |
| 100 1# - MAIN ENTRY--PERSONAL NAME | |
| Personal name | Harrow, Benjamin, |
| Dates associated with a name | 1888- |
| 245 10 - TITLE STATEMENT | |
| Title | Textbook of biochemistry, |
| Statement of responsibility, etc | by Benjamin Harrow ... |
| 250 ## - EDITION STATEMENT | |
| Edition statement | 4th ed. ... |
| 260 ## - PUBLICATION, DISTRIBUTION, ETC. (IMPRINT) | |
| Place of publication, distribution, etc | Philadelphia, |
| -- | London, |
| Name of publisher, distributor, etc | W. B. Saunders Company, |
| Date of publication, distribution, etc | c1954. |
| 300 ## - PHYSICAL DESCRIPTION | |
| Extent | xiii, 592 p. |
| Other physical details | illus., diagrs. |
| Dimensions | 24 cm. |
| 500 ## - GENERAL NOTE | |
| General note | First edition (1938) published under title: Biochemistry for medical, dental and college students. |
| 504 ## - BIBLIOGRAPHY, ETC. NOTE | |
| Bibliography, etc | "References" at end of each chapter. |
| 650 #0 - SUBJECT ADDED ENTRY--TOPICAL TERM | |
| Topical term or geographic name as entry element | Biochemistry. |
| 906 ## - LOCAL DATA ELEMENT F, LDF (RLIN) | |
| a | 7 |
| b | cbc |
| c | oclcrpl |
| d | u |
| e | ncip |
| f | 19 |
| g | y-gencatlg |
| 942 ## - ADDED ENTRY ELEMENTS (KOHA) | |
| Source of classification or shelving scheme | Library of Congress Classification |
| Item type | BOOK |
| Withdrawn status | Lost status | Source of classification or shelving scheme | Damaged status | Not for loan | Home library | Current library | Shelving location | Date acquired | Total Checkouts | Full call number | Barcode | Date last seen | Copy number | Price effective from | Koha item type |
|---|---|---|---|---|---|---|---|---|---|---|---|---|---|---|---|
| Library of Congress Classification | UOE Main Library | UOE Main Library | Open shelf | 04/05/2015 | QP514 .H336 1954 | 10040268 | 27/04/2026 | 10040268 | 04/05/2015 | Loan - Normal on open shelf | |||||
| Library of Congress Classification | UOE Main Library | UOE Main Library | Open shelf | 11/04/2025 | QP514 .H336 1954 | 10044158 | 27/04/2026 | 10044158 | 11/04/2025 | Loan - Normal on open shelf |
